| 000 | 00553nam a2200121Ia 4500 | ||
|---|---|---|---|
| 008 | 220620s9999||||xx |||||||||||||| ||und|| | ||
| 100 | _aScott Mitchell, Cameron | ||
| 245 | 0 | _aPhoenix from the Ashes | |
| 546 | _aEnglish[eng] | ||
| 650 | _arussia||defence||opk||arms industry||China||India||Soviet Union||Vladimir Putin | ||
| 856 | _uhttps://library.oapen.org/bitstream/20.500.12657/33660/1/459441.pdf||https://library.oapen.org/bitstream/20.500.12657/33660/1/459441.pdf||https://library.oapen.org/bitstream/20.500.12657/33660/1/459441.pdf | ||
| 942 | _cEB | ||
| 999 |
_c27275 _d27275 |
||